Представление документа в формате RUSMARC

ПолеНазваниеЗначение
  Тип записи a
  Библиографический уровень m
001 Контрольный номер c5eaf634e68f4e829a684b638c27b0ad
005 Дата корректировки 20141015133403.0
200 Заглавие и сведения об ответственности 1_
a Заглавие Бухгалтерский учет в бюджетных организациях
f Первые сведения об ответственности Кондраков Н.П., Кондраков И.Н.
210 Выходные данные 1_
a Место издания М.
c Издательство ГроссБух
d Дата издания 1998
215 Физическое описание __
a Объем 215 с.
606 Тематические рубрики __
a Основная рубрика бухгалтерский учет
610 Ключевые слова 0_
a Ключевые слова бухгалтерский учет в бюджетных организациях
686 Индексы других классификаций __
a Классификационный индекс 65.052
2 Код системы rubbk
686 Индексы других классификаций __
a Классификационный индекс 65.052.9(2)247
2 Код системы rubbk
700 Автор _1
a Фамилия Кондраков Н.П.
701 Альтернативная интеллектуальная ответственность _1
a Фамилия Кондраков И.Н.
801 Источник записи _0
a Страна RU
b Организация РУК
c Дата составления 20040325
g Правила каталогизации PSBO
801 Источник записи _1
a Страна RU
b Организация РУК
c Дата составления 20040325
g Правила каталогизации PSBO
852 Данные о местонахождении __
i Авторский знак К-64
j Шифр хранения ББК 65.052
901 Тип документа __
t Тип документа m
938 Служебная информация __
a Название организации Головной вуз
b Имя БД BOOK
c Название АИБС АИБС ИРБИС